Physical capital adjustment within Spain long-run and short-run analysis

Salvato in:
Dettagli Bibliografici
Autore principale: Mauro, Paolo
Altri autori: Spilimbergo, Antonio
Natura: Libro
Lingua:inglese
Pubblicazione: Washington International Monetary Fund 2001
Serie:IMF Working Paper WP/01/17
Soggetti:
Tags: Aggiungi Tag
Nessun Tag, puoi essere il primo ad aggiungerne!!

MARC

LEADER 00000nam a2200000 4500
001 c124819
005 20221221091305.4
041 0 |a eng 
044 |a US 
245 1 0 |a Physical capital adjustment within Spain  |b long-run and short-run analysis  |c Paolo Mauro and Antonio Spilimbergo 
264 1 |a Washington  |b International Monetary Fund  |c 2001 
300 |a 17 s. 
490 1 |a IMF Working Paper  |v WP/01/17 
830 0 |a IMF Working Paper  |v WP/01/17 
610 2 0 |a kapitál 
610 2 0 |a Španielsko 
610 2 0 |a analýza ekonomická 
610 2 0 |a produkt domáci hrubý 
610 2 0 |a pohyb kapitálu 
610 2 0 |a pohyb síl pracovných 
610 2 0 |a kapitál ľudský 
610 2 0 |a regióny 
610 2 0 |a nezamestnanosť 
610 2 0 |a kapitál vlastný 
100 1 |a Mauro, Paolo 
700 1 |a Spilimbergo, Antonio